000 00555nam a2200205Ia 4500
005 20250923145453.0
008 008 250917s9999 xx 000 0 eng d
037 _aTextual
040 _aDSWL
_beng
_cDSWL
041 _aeng
_2eng
084 _aY
_qDSWL
100 _aPascual Gisbert, S.J.
_9835653
245 0 _aFundamentals of Industrial Sociology
_c by S.J. Pascual Gisbert
260 _aNew Delhi
_bDelhi T.M.H.
300 _ax,370 p.
365 _aINR
_b24.3
925 _g24.3
942 _cTEXL
_hY
999 _c1451743
_d1451743